01030nam a2200181 a 450000100100000000500170001000800410002704000250006811002020009324500450029526001360034030000200047649001070049683001140060304900090071795201050072699900170083100002957020200930055638.0110418s1999 dr 000 0 spa d aDO-SdBNPbspacBNPHU1 aRepública Dominicana . Procuraduría General de la República DominicanabDepartamento de Prevención de la Corrupción (DPC),bDivisión de Eduación, Unidad de Programas Educativos95640210aTransparencia en la gestión pública. aSanto Domingo :bProcuraduría General de la República Dominicana, Departamento de Prevención de la Corrupción (DPC),c1999. a43 p. ;c22 cm.1 aProgramas Educativo de la División de Eduación del Departamento de Prevención de la Corrupción 0aProgramas Educativo de la División de Eduación del Departamento de Prevención de la Corrupción956403 aBNPD 0010718PDaPDbPDcCTd2011-04-18iLF1l0o p29570-10r2020-06-25w2020-06-25yLFPDZNo se presta c29062d29062